Sistemas y valores administrativos

Detalles Bibliográficos
Autor principal: Dromi, Roberto
Formato: Desconocido
Lenguaje:español
Publicado: Buenos Aires : Ciudad Argentina, 2003
Acceso en línea:Acceso restringido

MARC

LEADER 00000ny a22000003n 4500
005 20110527142356.0
008 080806s2003 ag s 000 0 spa d
020 |a 9875072494 
035 |a 2220 
040 |a UMA.RE  |d vLex 
080 |a 342.9.01(0.034) 
090 |c 332  |d 332 
100 1 |a Dromi, Roberto 
245 1 0 |a Sistemas y valores administrativos  |h [Recurso electrn̤ico]  |c Roberto Dromi 
256 |a Servicio en ln̕ea 
260 |a Buenos Aires :  |b Ciudad Argentina,  |c 2003 
506 1 |a Contenido solo disponible en los productos indicados  |d vLex Global  |d vLex Global (Academic Edition, excluding Law Schools)  |d vLex Global (U.S. Academic Edition, Law Schools)  |d vLex Global (U.S. Academic Edition, excluding Law Schools)  |d vLex Global (Academic Edition, Law Schools) 
740 0 |a vLex Libros (Servicios en ln̕ea) 
856 4 0 |z Acceso restringido  |u http://vlex.com/source/sistema-valores-administrativos-2220 
942 |c BOOK 
999 0 |a Administration Law  |b Argentina